Kraj VS Kraj: Czechy czy Słowacja? - Statystyki

Ogólne statystyki
  • Ten quiz został rozwiązany 277 razy
  • Średni wynik to 8 z 12
Statystyki odpowiedzi
Zagadnienie Odpowiedź % Poprawnych
Jest państwem słowiańskim: Czechy i Słowacja
94%
Należy do NATO: Czechy i Słowacja
90%
Posiada dłuższą granicę z Polską: Czechy
83%
Walutą w państwie jest Euro: Słowacja
83%
Leży na terytorium Sudet: Czechy
77%
Było państwem bloku wschodniego: Czechy i Słowacja
69%
Przez państwo przepływa Dunaj: Słowacja
63%
Ma dwa języki urzędowe: żadne
60%
Posiada średnią wysokość większą niż 450 m n.p.m: Słowacja
56%
Ma więcej niż czterech sąsiadów: Słowacja
52%
Swój najwyższy szczyt posiada na granicy z innym państwem: Czechy
50%
Ma większą gęstość zaludnienia niż Polska: Czechy
48%
Nie znaleziono quizów pasujących do podanych kryteriów
Rozkład punktacji
Procent ludzi z każdym wynikiem
Percentyl według liczby udzielonych odpowiedzi
Twoja historia wyników
Nie rozwiązałeś tego quizu